Correspondance de J. Joubert / (Record no. 156445)

MARC details
000 -LEADER
campo de control de longitud fija 00772nam a22001935i 4500
001 - NÚMERO DE CONTROL
campo de control 156445
003 - IDENTIFICADOR DE NÚMERO DE CONTROL
campo de control ES-MaACL
005 - FECHA Y HORA DE LA ÚLTIMA TRANSACCIÓN
campo de control 20230906210418.0
008 - DATOS DE LONGITUD FIJA--INFORMACIÓN GENERAL
campo de control de longitud fija 040802s1895 fr |||| | fre d
040 ## - FUENTE DE CATALOGACIÓN
Centro catalogador/agencia de origen CAM
Lengua de catalogación spa
Centro/agencia transcriptor CAM
080 ## - NÚMERO DE LA CLASIFICACIÓN DECIMAL UNIVERSAL
Número de la Clasificación Decimal Universal 929 Joubert, Joseph
100 1# - ENTRADA PRINCIPAL--NOMBRE DE PERSONA
Nombre de persona Joubert, Joseph.
9 (RLIN) 128363
245 10 - MENCIÓN DEL TÍTULO
Título Correspondance de J. Joubert /
Mención de responsabilidad, etc. précédée d'une notice sur sa vie, son caractère et ses travaux par Paul de Raynal et de ses jugements littéraires de Sainte-Beuve, Sylvestre de Sacy, Saint-Marc Girardin, Géruzez et Poitou.
250 ## - MENCION DE EDICION
Mención de edición 9éme éd.
260 ## - PUBLICACIÓN, DISTRIBUCIÓN, ETC.
Lugar de publicación, distribución, etc. Paris :
Nombre del editor, distribuidor, etc. Perrin et C., libraires-éditeurs,
Fecha de publicación, distribución, etc. 1895 (
Lugar de fabricación/manufactura Lagny :
Fabricante Emile Colin)
300 ## - DESCRIPCIÓN FÍSICA
Extensión 11, CXLIV, 282 p. ;
Dimensiones 19 cm.
700 1# - ENTRADA AGREGADA--NOMBRE PERSONAL
Nombre de persona Raynal, Paul de.
9 (RLIN) 131631
852 ## - LOCALIZACIÓN
Ubicación ES-MaACL
Número de control de estantería G-3274
Holdings
Estatus retirado Estado de pérdida Estado de daño No para préstamo Colección Biblioteca de origen Biblioteca actual Ubicación en estantería Fecha de adquisición Fuente de adquisición Total de préstamos Signatura topográfica completa Código de barras Visto por última vez Precio de reemplazo Tipo de ítem Koha
        Libros del s. XIX Biblioteca del Ateneo de Madrid Biblioteca del Ateneo de Madrid Depósito 2 17/01/2008     G-3274 1163676 23/02/2023 23/02/2023 Libro impreso antiguo